Využívanie výsledkov finančnej analýzy ako nástroja finančnej kontroly

Prezentácia výsledkov empirického výskumu zameraného na identifikovanie využívania výsledkov finančnej analýzy ako nástrojov finančnej kontroly v podnikoch jednotlivých veľkostných skupín.

Gespeichert in:
Bibliographische Detailangaben
1. Verfasser: Lesáková, Ľubica
Weitere Verfasser: Grofčíková, Janka
Format: Buchkapitel
Sprache:Slowakisch
Schlagworte:
Tags: Tag hinzufügen
Keine Tags, Fügen Sie das erste Tag hinzu!

MARC

LEADER 00000naa a2200000 4500
001 0201988
005 20231204132312.1
041 0 |a slo 
044 |a SK 
245 1 0 |a Využívanie výsledkov finančnej analýzy ako nástroja finančnej kontroly  |c Ľubica Lesáková, Janka Grofčíková 
520 |a Prezentácia výsledkov empirického výskumu zameraného na identifikovanie využívania výsledkov finančnej analýzy ako nástrojov finančnej kontroly v podnikoch jednotlivých veľkostných skupín. 
610 2 0 |a analýza finančná 
610 2 0 |a kontrola finančná 
610 2 0 |a procesy podnikové 
610 2 0 |a prostredie ekonomické 
610 2 0 |a situácia finančná podniku 
100 1 |a Lesáková, Ľubica 
700 1 |a Grofčíková, Janka